Medecins et Infirmieres Série URGENCES - Statistiques

Statistiques générales
  • Ce quiz a été pris 107 fois
  • Le résultat moyen est 9 sur 18
Statistiques - réponses
Nom % Correct
Doug Ross
86%
John Carter
86%
Mark Green
78%
Peter Benton
72%
Robert Romano
62%
Kerry Weaver
61%
Kerry Weaver
61%
Luka Kovac
55%
Susan Lewis
52%
Abby Lockhart
49%
Elisabeth Corday
48%
Gregory Pratt
38%
Michael Gallant
33%
Neela Rasgotra
32%
Archie Morris
26%
Ray Barnett
17%
Samantha Taggart
16%
Donald Anspaugh
14%
Aucun quiz correspondant
Distribution des résultats
% des personnes avec chaque résultat
Percentile par nombre de réponses
Votre historique - résultats
Vous n’avez pas pris ce quiz